Termas de Chillán: aguas milagrosas, 1674-1963
Saved in:
| Main Authors: | , |
|---|---|
| Format: | Book |
| Language: | Spanish |
| Published: |
Concepción
Consejo Nacional de la Cultura y las Artes
2017
Concepción Universidad Santo Tomas 2017 |
| Edition: | 1a. ed |
| Subjects: | |
| Tags: |
Add Tag
No Tags, Be the first to tag this record!
|
MARC
| LEADER | 00000cam a2200000 a 4500 | ||
|---|---|---|---|
| 001 | UCC2124 | ||
| 003 | CL-VaPUC | ||
| 008 | 171230e20170600cl |||||||||||||||||spa|d | ||
| 020 | |a 9789563681000 | ||
| 082 | 0 | 4 | |a 551 |b ROM |2 21 |
| 100 | 0 | |a Romero Silva, Alicia |e author |9 596277 | |
| 700 | 0 | |a Basterrica Sandoval, Juan Ignacio |e author |9 596278 | |
| 245 | 1 | 0 | |a Termas de Chillán: aguas milagrosas, 1674-1963 |
| 250 | |a 1a. ed | ||
| 300 | |a 504 p | ||
| 942 | |c BK | ||
| 945 | |d 20171230 00:11:00 |a arojas | ||
| 260 | |a Concepción |b Consejo Nacional de la Cultura y las Artes |c 2017 | ||
| 260 | |a Concepción |b Universidad Santo Tomas |c 2017 | ||
| 650 | 0 | |a Geología |9 260984 | |
| 650 | 0 | |a Aguas minerales |9 508262 | |
| 650 | 7 | |a TERMAS |2 CL-VaPUC |9 510352 | |
| 651 | 0 | |a Chillán |9 344249 | |
| 583 | |a last modification |c 20171230 00:11:00 |k Rodrigo Vera | ||
| 999 | |c 370402 |d 370400 | ||
| 952 | |0 0 |1 0 |3 erd |4 0 |6 551_000000000000000_ROM_2017_2017 |7 0 |8 X |9 486824 |a FDOBUD |b FDOBUD |i 5445256 |o 551 ROM 2017 2017 |p 5445256 |r 2019-11-24 |w 2019-11-24 |y BK_X |z Catalogado en:20171230 |k BUD | ||